000 00645nam a22002057a 4500
003 OSt
005 20230928090525.0
008 221006b |||||||| |||| 00| 0 eng d
040 _cBiblioteca Lado V
082 _a779
_bR763c
100 _9707
_aRomero, Antonio
_eautor
245 _aConfort+/
260 _bCentro Cultural EspaƱa
_c2005
_aEl Salvador
300 _c19.5x19cm
_a26p.
366 _espa
650 _2Tesauro de Arte & Arquitectura
_aARTE
_9703
650 _2Tesauro de Arte & Arquitectura
_aFOTOGRAFIA
_9702
650 _2Tesauro de Arte & Arquitectura
_aICONOGRAFIA
_9702
942 _2ddc
_c1
_h779
_iR763c
_n0
999 _c4402
_d4402